• 首页
  • 本馆介绍
  • 公告通知
  • 最新文献
  • 馆藏检索
  • 电子资源
  • 读者导购
  • 参考咨询
  • 我的图书馆
  • 登录
  • 详细信息显示
  • 放入我的书架
  • 预约/预借图书
  • 作者相关作品
  • 分类相关作品
  • 丛书相关作品
  • 出版社相关作品

书目信息

  • 表格格式
  • 工作单格式
  • 卡片格式
题名:
情感与人生
    
 
作者: 薇薇夫人 著
分册:  
出版信息: 上海   上海人民出版社  1998
页数: 218页
开本: 20cm
丛书名: 女性心理丛书
单 册:
中图分类: B844.5
科图分类: 59.889
主题词: 妇女心理学--通俗读物
电子资源:
ISBN: 7-5057-1407-4
000 00649nam2 2200241 45
001 1535463799
005 20150127095210.07
010    @a7-5057-1407-4@dCNY1.15
100    @a19980417d1998 em y0chiy0121 ea
101 0  @achi
102    @aCN@b310000
105    @ay z 000yy
200 10 @a情感与人生@Aqing gan yu ren sheng@f薇薇夫人著
210    @a上海@c上海人民出版社@d1998
215    @a218页@d20cm
225 2  @a女性心理丛书
410  0 @120010@a女性心理丛书
606    @a妇女心理学@x通俗读物
690    @aB844.5@v3
692    @a59.889@v2
701  0 @a薇薇夫人@Awei wei fu ren@4著
801  0 @aCN@bTSSF@c20150127
905    @aZUCC@dB844.5@eJY3
    
    情感与人生/薇薇夫人著.-上海:上海人民出版社,1998
    218页;20cm.-(女性心理丛书)
    
    
    ISBN 7-5057-1407-4:CNY1.15
    
●
相关链接 在E读中查询图书 在五车中查询图书 在当当中查询图书 在豆瓣中查询图书


正题名:情感与人生     索取号:B844.5/JY3         预约/预借

序号 登录号 条形码 馆藏地/架位号 状态 备注
1 7838116   278381163   学院路分馆/ [索取号:B844.5/JY3] 在馆    
2 7838117   278381172   学院路分馆/ [索取号:B844.5/JY3] 在馆    
唐山师范学院图书馆 欢迎您!
大连网信软件有限公司© 版权所有